| 000 | 05975nam a22018734i 4500 | ||
|---|---|---|---|
| 003 | PE-LiUPU | ||
| 005 | 20250813165354.0 | ||
| 008 | 160112s2015 sp a r 001 0 spa d | ||
| 020 | _a8416004803 | ||
| 020 | _a9788416004805 | ||
| 035 | _a(Sirsi) i9788416004805 | ||
| 040 |
_aESALI _bspa _cESALI _dPE-LiUPU _erda |
||
| 080 | _a616.89 | ||
| 082 | 0 | 4 |
_a616.89 _bS14 _220 |
| 100 | 1 |
_aSadock, Benjamin J., _eautor. |
|
| 245 | 1 | 0 |
_aSinopsis de psiquiatría : _bciencias de la conducta, psiquiatría clínica / _cBenjamin James Sadock, Virginia Alcott Sadock, Pedro Ruiz. |
| 246 | 1 | 4 |
_iSubtitulo en Cubierta: _aciencia del comprotamiento/psiquiatría clínica. |
| 250 | _aDecimoprimera edición. | ||
| 264 | 1 |
_aBarcelona : _bWolters Kluwer, _c[2015]. |
|
| 300 |
_aXVIII, 1469 páginas : _bilustraciones ; _c27 centímetros |
||
| 336 |
_atext _2rdacontent |
||
| 337 |
_aunmediated _2rdamedia |
||
| 338 |
_avolume _2rdacarrier |
||
| 504 | _aÍndice: páginas 1419-1469. | ||
| 505 | 0 | _aCiencias neuronales -- Contribuciones de las ciencias psicosociales -- Contribuciones de las ciencias socioculturales -- Teorías de la personalidad y psicopatología -- Exploración y diagnóstico del paciente psiquiátrico -- Clasificación en psiquiatría -- Espectro de la esquizofrenia y otros trastornos psicóticos -- Trastornos del estado de ánimo -- Trastornos de ansiedad -- Trastornos obsesivo- compulsivos y trastornos relacionados -- Trastornos relacionados con traumas y factores de estrés -- Trastornos disociativos -- Medicina psicosomática -- Síndrome de fatiga crónica y fibromialgia -- Trastornos de la conducta alimentaria y de la ingesta de alimentos -- Sueño normal y trastornos del sueño y del despertar -- Sexualidad humana y disfunciones sexuales -- Disforia de género -- Trastornos disruptivos, del control de los impulsos y de la conducta -- Trastornos relacionados con sustancias y trastornos adictivos -- Trastornos neurocognitivos -- Trastornos de la personalidad -- Medicina psiquiátrica de urgencia -- Medicina complementaria y alternativa en psiquiatría -- Otros problemas que pueden ser objeto de atención clínica -- Abuso físico y sexual en adultos -- Psiquiatría y medicina de la reproducción -- Psicoterapia -- Tratamiento psicofarmacológico -- Técnicas de estimulación cerebral -- Psiquiatría infantil -- Edad adulta -- Psiquiatría geriátrica -- El final de la vida -- Psiquiatría publica -- Psiquiatría forense y ética en psiquiatría -- Aspectos de la psiquiatría en el mundo. | |
| 526 | _aP203 | ||
| 526 | _aP200 | ||
| 526 | _aSEG65 | ||
| 526 | _aSEG64 | ||
| 526 | _aSEG63 | ||
| 526 | _aSEG62 | ||
| 526 | _aSEG61 | ||
| 526 | _aSEG60 | ||
| 526 | _aSEG59 | ||
| 526 | _aSEG58 | ||
| 526 | _aSEG57 | ||
| 526 | _aSEG56 | ||
| 526 | _aSEG55 | ||
| 526 | _aSEG54 | ||
| 526 | _aSEG53 | ||
| 526 | _aSEG52 | ||
| 526 | _aSEG51 | ||
| 526 | _aSEG50 | ||
| 526 | _aSEG49 | ||
| 526 | _aSEG48 | ||
| 526 | _aSEG47 | ||
| 526 | _aSEG46 | ||
| 526 | _aSEG24 | ||
| 526 | _aSEG23 | ||
| 526 | _aSEG22 | ||
| 526 | _aSEG21 | ||
| 526 | _aSEG20 | ||
| 526 | _aSEG19 | ||
| 526 | _aSEG18 | ||
| 526 | _aSEG17 | ||
| 526 | _aSEG16 | ||
| 526 | _aSEG14 | ||
| 526 | _aSEG13 | ||
| 526 | _aSEG12 | ||
| 526 | _aSEG11 | ||
| 526 | _aSEG10 | ||
| 526 | _aSEG09 | ||
| 526 | _aSEG06 | ||
| 526 | _aSEG05 | ||
| 526 | _aSEG04 | ||
| 526 | _aSEG03 | ||
| 526 | _aSEG02 | ||
| 526 | _aSEG68 | ||
| 526 | _aSEG66 | ||
| 526 | _aSEG45 | ||
| 526 | _aSEG25 | ||
| 526 | _aSEG01 | ||
| 526 | _aP163 | ||
| 526 | _aP162 | ||
| 526 | _aP161 | ||
| 526 | _aP160 | ||
| 526 | _aP159 | ||
| 526 | _aP158 | ||
| 526 | _aP157 | ||
| 526 | _aP156 | ||
| 526 | _aP155 | ||
| 526 | _aP154 | ||
| 526 | _aP153 | ||
| 526 | _aP152 | ||
| 526 | _aP151 | ||
| 526 | _aP150 | ||
| 526 | _aP149 | ||
| 526 | _aP142 | ||
| 526 | _aP141 | ||
| 526 | _aP140 | ||
| 526 | _aP139 | ||
| 526 | _aP138 | ||
| 526 | _aP137 | ||
| 526 | _aP132 | ||
| 526 | _aP131 | ||
| 526 | _aP130 | ||
| 526 | _aP126 | ||
| 526 | _aP125 | ||
| 526 | _aP124 | ||
| 526 | _aP123 | ||
| 526 | _aP115 | ||
| 526 | _aP122 | ||
| 526 | _aP121 | ||
| 526 | _aP116 | ||
| 526 | _a P114 | ||
| 526 | _aP112 | ||
| 526 | _aP111 | ||
| 526 | _aP104 | ||
| 526 | _aP103 | ||
| 526 | _aP102 | ||
| 526 | _aP101 | ||
| 526 | _aP100 | ||
| 526 | _aP96 | ||
| 526 | _aP95 | ||
| 526 | _aP93 | ||
| 526 | _aP92 | ||
| 526 | _aP91 | ||
| 526 | _aP88 | ||
| 526 | _aP83 | ||
| 526 | _aP82 | ||
| 526 | _aP79 | ||
| 526 | _aP78 | ||
| 526 | _aP75 | ||
| 526 | _aP74 | ||
| 526 | _aP71 | ||
| 526 | _aP69 | ||
| 526 | _a P51 | ||
| 526 | _aP49 | ||
| 526 | _aP48 | ||
| 526 | _aP47 | ||
| 526 | _aP33 | ||
| 526 | _aP31 | ||
| 526 | _a P30 | ||
| 526 | _aP29 | ||
| 526 | _aP27 | ||
| 526 | _aP26 | ||
| 526 | _aP25 | ||
| 526 | _aP24 | ||
| 526 | _a P22 | ||
| 526 | _aP10 | ||
| 526 | _aP09 | ||
| 526 | _a P08 | ||
| 526 | _aP06 | ||
| 526 | _aP05 | ||
| 526 | _aP04 | ||
| 526 | _aP01 | ||
| 541 | _g001-000508; | ||
| 650 | 4 | _aConducta humana | |
| 650 | 4 | _aPsiquiatría | |
| 700 | 1 |
_aKaplan, Harold I., _eautor. |
|
| 700 | 1 |
_aRuíz, Pedro, _eautor. |
|
| 700 | 1 |
_aSadock, Virginia A., _eautor. |
|
| 910 |
_ajck _bebj _cebj _d20160725 |
||
| 942 |
_2ddc _cBOOK |
||
| 949 |
_a616.89 S14 _wDEWEY _c1 _i74205 _d2016-9-27 _e2016-9-26 _lCCODEBUL1 _mBUL _n1 _p160.93 _r0 _sY _tBOOK _u2016-7-25 _xSALUD _PP30 _0COMPRA _o.CIRCNOTE. El documento es de alto precio. _o.CIRCNOTE. _o.PUBLIC. _o.STAFF. Colección General |
||
| 994 |
_aC0 _bPEPRU |
||
| 596 | _a1 | ||
| 999 |
_a616.89 S14 _wDEWEY _c11469 _i74205 _d11469 _e2018-5-16 _f2021-11-4 _g5 _lCCODEBUL1 _mBUL _n16 _p160.93 _q4 _r0 _sY _tBOOK _u2016-7-25 _xSALUD _PP30 _0COMPRA _o.CIRCNOTE. El documento es de alto precio. _o.STAFF. Colección Ciencias de la Salud |
||
| 980 |
_81 _gALBERTO SANCHEZ Responsable de Automatización |
||